000 00547nam a2200169Ia 4500
999 _c364
_d364
003 OSt
005 20210901114816.0
008 190216s9999||||xx |||||||||||||| ||und||
040 _coclc
082 _a297
_bALM/I
100 _aAl Mahmud, Al Shaikh Abdullah Bin Zaid
_98736
245 0 _aInhirafi Al Shabab An Al Deeni Wa Ilthihaquihim Bil Murthadhin /
_c Al Shaikh Abdullah Bin Zaid Al Mahmud
260 _bSterling Publishing,
_aNew York:
300 _a13p
650 _aArabic
942 _cBK
_2ddc
_h297
_iALM/I
_k297
_mALM/I